Futbolistas por imagen #2 - Estadísticas

Estadísticas generales
  • Esta prueba ha sido intentada 164 veces
  • La puntuación promedio es 14 de 16
Estadísticas de respuestas
Imagen Respuesta % Correcto
Piqué
99%
Busquets
98%
Iniesta
98%
Nico Williams
98%
Ramos
98%
Carvajal
97%
Iñaki Williams
97%
Casillas
96%
Morata
95%
Puyol
95%
Villa
91%
Lucas Vázquez
88%
Torres
85%
Silva
78%
Victor Valdes
75%
Capdevila
57%
No se encontraron pruebas coincidentes
Distribución de puntuación
Porcentaje de gente con cada puntuación
Porcentaje por número respondido
Historial de tus puntuaciones
No has intentado esta prueba.